| 000 | 01088 a2200205 4500 | ||
|---|---|---|---|
| 001 | 56746 | ||
| 005 | 20260407155831.0 | ||
| 008 | 260407a1953 arg spa d | ||
| 003 | AR-UNSa-BCEJYS | ||
| 040 |
_aAR-UNSa-BCEJYS _bspa _cAR-UNSa-BCEJYS |
||
| 080 |
_a101 _xNaturaleza y papel de la filosofía |
||
| 245 | 1 | 0 |
_aFilosfofía Contemporanea _pEstudios y Notas |
| 250 | _a3a. ed. | ||
| 264 | 1 |
_aBuenos Aires : _bLosada _c1953 |
|
| 300 |
_a174 p. _c21 cm. |
||
| 505 | _a1. Un filósofo de la problematicidad – 2. Temporalismo – 3. Dos concepciones de la realidad – 4. Descartes y Husserl – 5. Pérdida y recuperación del sujeto en Husserl – 6. R. Muller-Freienfls y los valores – 7. Los problemas de la filosofía de la cultura – 8. Las etapas de la psicología – 9. Ideas sobre el espíritu – 10. La otra sustancia – 11. Max Scheler y “El puesto del hombre en el cosmos” – 12. Actualidad de la ontología – 13. La teoría de la forma – 14. La caracterología | ||
| 942 | _cBK | ||
| 590 | _aniveau_biblio:m niveau_hierar:0 | ||
| 100 | 1 | _aRomero, Francisco | |
| 999 |
_c6031 _d6031 |
||